• 首页
  • 本馆介绍
  • 公告通知
  • 最新文献
  • 馆藏检索
  • 电子资源
  • 读者导购
  • 参考咨询
  • 我的图书馆
  • 登录
  • 详细信息显示
  • 放入我的书架
  • 预约/预借图书
  • 作者相关作品
  • 分类相关作品
  • 丛书相关作品
  • 出版社相关作品

书目信息

  • 表格格式
  • 工作单格式
  • 卡片格式
题名:
细胞生物学简明教程
    
 
作者: 黄百渠 , 曾宪录 主编
分册:  
出版信息: 北京   高等教育出版社  2010.4
页数: 254页
开本: 26cm
丛书名:
单 册:
中图分类: Q2
科图分类:
主题词: 细胞生物学--高等学校--教材 , 细胞生物学
电子资源:
ISBN: 978-7-04-028617-5
000 01080nam0 2200277 45
001 1355412889
005 20130513144322.17
010    @a978-7-04-028617-5@dCNY25.00
100    @a20130108d2010 em y0chiy0110 ea
101 0  @achi
102    @aCN@b110000
105    @aa z 000yy
106    @ar
200 1  @a细胞生物学简明教程@AXi Bao Sheng Wu Xue Jian Ming Jiao Cheng@dEssentials of cell biology@f黄百渠,曾宪录主编@FHuang Bai Qu, Zeng Xian Lu Zhu Bian@zeng
210    @a北京@c高等教育出版社@d2010.4
215    @a254页@c图@d26cm
300    @a普通高等教育“十一五”国家级规划教材
330    @a本书共分11章,较为系统、全面地介绍了细胞生物学的发展简史、研究对象、研究方法和实验技术,以及细胞膜、细胞内膜系统、线粒体和叶绿体、细胞核和染色体、细胞骨架等真核细胞基本组分和细胞器的结构功能。
510 1  @aEssentials of cell biology@zeng
606 0  @a细胞生物学@x高等学校@j教材
606 0  @a细胞生物学
690    @aQ2@v5
701  0 @a黄百渠@AHuang Bai Qu@4主编
701  0 @a曾宪录@AZeng Xian Lu@4主编
801    @aCN@bTANGWEI@c20130111
905    @b0831132-34@dQ2@e37@f3
    
    细胞生物学简明教程=Essentials of cell biology/黄百渠,曾宪录主编.-北京:高等教育出版社,2010.4
    254页:图;26cm
    普通高等教育“十一五”国家级规划教材
    
    ISBN 978-7-04-028617-5:CNY25.00
    本书共分11章,较为系统、全面地介绍了细胞生物学的发展简史、研究对象、研究方法和实验技术,以及细胞膜、细胞内膜系统、线粒体和叶绿体、细胞核和染色体、细胞骨架等真核细胞基本组分和细胞器的结构功能。
●
相关链接 在E读中查询图书 在五车中查询图书 在当当中查询图书 在豆瓣中查询图书


正题名:细胞生物学简明教程     索取号:Q2/37         预约/预借

序号 登录号 条形码 馆藏地/架位号 状态 备注
1 0831132   208311325   第二样本阅览室/ [索取号:Q2/37] 在馆    
2 0831133   208311334   第三借阅区/ [索取号:Q2/37] 在馆    
3 0831134   208311343   第三借阅区/ [索取号:Q2/37] 在馆    
唐山师范学院图书馆 欢迎您!
大连网信软件有限公司© 版权所有